Score 0/15 Timer 05:00
0 Plays Today
Question Answer % Correct
What country do The Beatles originally hail from?United Kingdom
98.9%
What is the name of John Lennon's second wife, who eventually became a famous singer herself?Yoko Ono
91.8%
What is the term used to describe the era of obsession with The Beatles?Beatlemania
89.8%
What magazine included The Beatles in their list of Top 100 Most Influential People of the Century?TIME
87.6%
Unscramble this Beatles song: TYRRASEBWR DEILSF ERVROEFStrawberry Fields Forever
87.1%
Paul McCartney performed 'Hey Jude' at what international sporting event in 2012?2012 Summer Olympics in London
84.9%
What is the name of the record company used by The Beatles?Apple Records
74.4%
George Harrison began following what religion in the late 1960s?Hare Krishna
73.1%
Question Answer % Correct
What comedy film did The Beatles release in 1964?A Hard Day's Night
69.3%
'The Beatles' was an animated series that aired 1965-1969 on what network?American Broadcasting Company
60%
In 2009, The Beatles were given their own entry in what video game series?Rock Band
51.6%
What was the debut studio album of The Beatles, released in 1963?Please Please Me
49.6%
'Beatles' is a portmanteau of what two words?Beat and Beetles
49.3%
The Bumba Lennoni, named after John Lennon, is a species of what animal?Tarantula
14%
What original Christmas song did The Beatles record for their 1967 Christmas album?Christmas Time (Is Here Again)
11.8%
Remove Ads.
Support Sporcle.
Get the best of Sporcle when you Go Orange. This ad-free experience offers more features, more stats, and more fun while also helping to support Sporcle. Thank you for becoming a member.

You're not logged in!

Compare scores with friends on all Sporcle quizzes.
OR
Log In

Sporcle TV

Today on Sporcle TV


Watch our educational content, quiz creation guides, and fun videos on Sporcle TV.

Show Comments

Extras

Top Quizzes Today


Score Distribution

Paid Content

Your Account Isn't Verified!

In order to create a playlist on Sporcle, you need to verify the email address you used during registration. Go to your Sporcle Settings to finish the process.

Report this User

Report this user for behavior that violates our Community Guidelines.

Details: